| 000 | 00583nam a2200157 a 4500 | ||
|---|---|---|---|
| 001 | 000027668 | ||
| 005 | 20200930031014.0 | ||
| 008 | 110404s1967 dr 000 0 spa d | ||
| 040 |
_aDO-SdBNP _bspa _cBNPHU |
||
| 100 | 1 |
_aLamarche Henriquez, Carlos M. _954753 |
|
| 245 | 1 | 0 |
_aPor que la democracia al servicio de la patria / _cCarlos M. Lamarche Henriquez ; prólogo Carlos Sánchez i Sánchez. |
| 260 |
_aSanto Domingo : _bSecretaría de Educación Bella Artes y Cultos, _c1967. |
||
| 300 |
_a134 p. ; _c22 cm. |
||
| 700 | 1 | 2 |
_aSánchez i Sánchez, Carlos _epról _924270 |
| 049 | _aBNPD | ||
| 999 |
_c27160 _d27160 |
||